Lovec čertov seržant Jaroš a veľké problémy v Malom Ríme

Bibliographic Details
Main Author: Červenák, Juraj, 1974- (Author)
Other Authors: Pižurný, Adam (Bookjacket designer), Harušťák, Miroslav (Illustrator)
Format: Book
Language:Slovak
PhysicalDescription:254 strán 22 cm
Published: Bratislava Slovart 2023
ISBN:9788055663722
Edition:Prvé vydanie
Subjects:

MARC

LEADER 00000cam a2200000 4500
001 vtls012244875
003 SK-MaSNL
005 20260301085144.0
008 231128t2023 xo g 000 f slo
015 |a SNBA2024/01 
020 |a 9788055663722  |q (viazané) 
040 |a SNK  |b slo  |c SNK  |e rda 
041 0 |a slo 
044 |a xo  |c SK 
072 7 |a 821.162.4-3  |x Slovenská próza  |2 konspekt 
080 |a 821.162.4-31  |2 2011 
080 |a (0:82-311.6)  |2 2011 
080 |a (0:82-312.4)  |2 2011 
100 1 |a Červenák, Juraj,  |d 1974-  |4 aut  |9 239345 
245 1 0 |a Lovec čertov  |b seržant Jaroš a veľké problémy v Malom Ríme  |c Juraj Červenák 
246 3 0 |a Seržant Jaroš a veľké problémy v Malom Ríme 
250 |a Prvé vydanie 
264 1 |a Bratislava  |b Slovart  |c 2023 
300 |a 254 strán  |c 22 cm 
336 |a text  |b txt  |2 rdacontent 
337 |a bez média  |b n  |2 rdamedia 
338 |a zväzok  |b nc  |2 rdacarrier 
500 |a Obsahuje profesijné údaje o autorovi na záložke prebalu publikácie 
655 7 |a slovenské romány  |2 SNKPH  |9 70324 
655 7 |a historické romány  |2 SNKPH  |9 70253 
655 7 |a Slovak fiction  |2 SNKPHeng  |9 277096 
655 7 |a Historical novels  |2 SNKPHeng  |9 276887 
655 7 |a detektívne romány  |2 SNKPH  |9 70455 
655 7 |a Detective novels  |2 SNKPHeng  |9 121444 
700 1 |a Pižurný, Adam  |4 bjd  |9 414766 
700 1 |a Harušťák, Miroslav  |4 ill  |9 414767 
787 0 8 |i Zo série:  |t Kapitán Stein a notár Barbarič  |g 9 
852 |a Slovenská národná knižnica 
919 |a 978-80-556-6372-2 
954 |a beletria pôvodná (slovenská)  |2 lita 
958 |a LX 
999 |c 665151  |d 667081 
952 |a SNK  |b SNK  |y PREZ  |7 0  |p 17A1540209  |o snkSC 156968/9  |i snk2023/17788  |8 0  |z  ;   |0 0  |1 0  |4 0  |d 2023-12-05  |l 0  |r 2025-08-19 00:00:00  |w 2026-02-23 
952 |a SNK  |b SNK  |y PREZ  |7 0  |p 17A1540210  |o snkSC 156968/9 D1  |i snk2023/17789  |8 0  |0 0  |1 0  |4 0  |d 2023-12-05  |l 0  |r 2026-02-23 19:06:58  |w 2026-02-23